000 00487nam a2200205Ia 4500
005 20240823050027.0
008 240823s9999||||xx |||||||||||||| ||und||
020 _a978-93-80223-77-3
041 _aENGLISH
082 _A491.43321 Q2
100 _aMallika Nayagam D
245 0 _aLearn Hindi through English
250 _a1st
260 _c2012
_bMercurysun Publica
500 _aYES
650 _aHindi
_bGeneral
700 _a Vijyalakshmi R
942 _cBK
999 _c216314
_d216314